00307nam a2200121Ia 4500008004100000020002200041041000800063082002600071100001400097245002700111260003800138300000900176230411s9999 xx 000 0 und d a978-81-7473-388-4 aeng aP/610.7362/PAN/B06441 aPanda U N aHandbook of Pediatrics bAITBS PublishersaNew Delhic2011 a498p